[Event "EU-chT (Men)"]
[Site "Haifa"]
[Date "1989.??.??"]
[Round "5"]
[White "Maki, Veijo"]
[Black "Soylu, Suat"]
[Result "1-0"]
[WhiteElo "2415"]
[BlackElo "2330"]
[PlyCount "69"]
[EventDate "1989.11.??"]
[Source "ChessBase"]

1. e4 c5 2. Nf3 d6 3. d4 cxd4 4. Nxd4 Nf6 5. Nc3 a6 6. Be2 e6 7. O-O Nbd7 8. f4 b5 9. Bf3 Bb7 10. a3 Qc7 11. Kh1 Be7 12. Qe1 O-O 13. g4 Nb6 14. g5 Nfd7 15. Bg2 Rfe8 16. Rf3 g6 17. Rh3 Nf8 18. Qh4 e5 19. Nde2 exf4 20. Bxf4 a5 21. Nxb5 Qxc2 22. Nbc3 Qb3 23. Be3 Nbd7 24. Bd4 Qc4 25. b3 Qc8 26. Nf4 Qd8 27. Qh6 Ne5 28. Rg3 f6 29. Bxe5 dxe5 30. Nfd5 Bxd5 31. Nxd5 fxg5 32. Rf1 Ra7 33. Rgf3 Bxa3 34. Nf6+ Kh8 35. Nxe8 1-0

[Event "Dubai Asian Cities"]
[Site "Dubai"]
[Date "1992.??.??"]
[Round "7"]
[White "Sareen, Vishal"]
[Black "Ginting, Nasib"]
[Result "1/2-1/2"]
[WhiteElo "2315"]
[BlackElo "2430"]
[PlyCount "125"]
[EventDate "1992.??.??"]
[Source "ChessBase"]

1. e4 c5 2. Nf3 d6 3. d4 cxd4 4. Nxd4 Nf6 5. Nc3 e6 6. Be2 a6 7. O-O Nbd7 8. f4 b5 9. Bf3 Bb7 10. a3 Qc7 11. Qe2 Be7 12. Kh1 O-O 13. g4 Qc4 14. Qxc4 bxc4 15. g5 Ne8 16. b4 cxb3 17. cxb3 Nc7 18. Be3 Rfc8 19. Rfc1 g6 20. b4 e5 21. Nb3 exf4 22. Bxf4 Ne6 23. Bd2 Ne5 24. Bg2 Nd3 25. Rf1 Bxg5 26. Nd5 Bxd2 27. Ne7+ Kg7 28. Nxc8 Rxc8 29. Nxd2 Rc2 30. Nb3 Nef4 31. Bf3 Nf2+ 32. Kg1 N2h3+ 33. Kh1 Nf2+ 34. Kg1 N4h3+ 35. Kg2 Nxe4+ 36. Kxh3 Ng5+ 37. Kg3 Bxf3 38. Nd4 Rg2+ 39. Kf4 Bd5 40. h4 Nh3+ 41. Ke3 Rg4 42. Nf3 h6 43. Rad1 Re4+ 44. Kd2 g5 45. hxg5 hxg5 46. Kc1 Bc4 47. Nd2 Rd4 48. Nxc4 Rxc4+ 49. Kb2 g4 50. Rxd6 g3 51. Rdf6 g2 52. Rxf7+ Kg6 53. R1f6+ Kg5 54. Rd6 Rg4 55. Rg7+ Kh4 56. Rxg4+ Kxg4 57. Rd1 g1=Q 58. Rxg1+ Nxg1 59. a4 Ne2 60. Kb3 Kf5 61. Kc4 Ke6 62. Kc5 Nc3 63. a5 1/2-1/2

[Event "Banyoles op 3rd"]
[Site "Barcelona"]
[Date "2000.08.10"]
[Round "6"]
[White "Perez, Luis Manuel"]
[Black "Bofill Mas, Alejandro"]
[Result "1/2-1/2"]
[WhiteElo "2381"]
[BlackElo "2362"]
[PlyCount "85"]
[EventDate "2000.08.05"]
[Source "www.chesslib.no"]
[SourceDate "2004.05.04"]

1. e4 c5 2. Nf3 e6 3. d4 cxd4 4. Nxd4 Nf6 5. Nc3 d6 6. Be2 a6 7. O-O Nbd7 8. f4 b5 9. Bf3 Bb7 10. e5 Bxf3 11. Nxf3 Ng4 12. Qe2 b4 13. Ne4 d5 14. Ng3 g6 15. Ng5 h5 16. Kh1 Qb6 17. a3 Qb5 18. axb4 Qxe2 19. Nxe2 Bxb4 20. h3 Bc5 21. g3 Nh6 22. b3 Ke7 23. Bd2 Nf5 24. Ra2 Ra7 25. Rfa1 Rha8 26. Nf3 Nb8 27. Kg2 Nc6 28. g4 Ne3+ 29. Kg3 Rc8 30. c3 Bb6 31. Ned4 Nxd4 32. cxd4 Nc2 33. Rc1 Rac7 34. Rxa6 Bxd4 35. Ba5 Rc3 36. Bxc3 Rxc3 37. Ra2 h4+ 38. Kxh4 Rxf3 39. Rcxc2 Rxf4 40. Rc7+ Kf8 41. Re2 Kg7 42. Rc1 Rf3 43. g5 1/2-1/2

[Event "BL2-W 9394"]
[Site "GER"]
[Date "1994.??.??"]
[Round "?"]
[White "Moiseev, Viktor"]
[Black "Gallinnis, Norbert"]
[Result "1-0"]
[WhiteElo "2465"]
[BlackElo "2275"]
[PlyCount "63"]
[EventDate "1993.10.??"]
[Source "www.chesslib.no"]
[SourceDate "2004.05.04"]

1. e4 c5 2. Nf3 d6 3. d4 cxd4 4. Nxd4 Nf6 5. Nc3 a6 6. Be2 e6 7. O-O Nbd7 8. f4 b5 9. Bf3 Bb7 10. e5 Bxf3 11. Nxf3 Ng4 12. Qe2 d5 13. f5 exf5 14. Nxd5 Nb6 15. Nf4 Bc5+ 16. Kh1 Qe7 17. h3 h5 18. Nd3 O-O-O 19. a4 Nxa4 20. c4 Ba7 21. cxb5 axb5 22. b3 Nc3 23. Qc2 Rxd3 24. Qxd3 Ne4 25. Qc2+ Kb8 26. Bf4 g5 27. Nxg5 Ngf2+ 28. Rxf2 Nxf2+ 29. Kh2 Ng4+ 30. hxg4 hxg4+ 31. Kg3 Qb4 32. e6+ 1-0

[Event "Alushta2"]
[Site "Alushta"]
[Date "1999.09.26"]
[Round "9"]
[White "Kovalev, Andrei"]
[Black "Belov, Vladimir"]
[Result "0-1"]
[WhiteElo "2400"]
[BlackElo "2334"]
[PlyCount "46"]
[EventDate "1999.09.18"]
[Source "www.chesslib.no"]
[SourceDate "2004.05.04"]

1. e4 c5 2. Nf3 d6 3. d4 cxd4 4. Nxd4 Nf6 5. Nc3 a6 6. Be2 e6 7. O-O Nbd7 8. f4 b5 9. Bf3 Bb7 10. a3 Rc8 11. Kh1 Rc4 12. Be3 Qa8 13. a4 b4 14. Qe2 Qc8 15. Nd5 exd5 16. e5 Ne4 17. Bg4 Qc7 18. b3 Rc3 19. Bd2 dxe5 20. Bxc3 Qxc3 21. Bxd7+ Kxd7 22. Qg4+ Ke7 23. Ne2 Qxa1 0-1

[Event "Wch Seniors"]
[Site "Gladenbach"]
[Date "1999.11.12"]
[Round "5"]
[White "Mosionzhik, Ilya Samoilovich"]
[Black "Klovans, Janis"]
[Result "0-1"]
[WhiteElo "2256"]
[BlackElo "2470"]
[PlyCount "50"]
[EventDate "1999.11.07"]
[Source "www.chesslib.no"]
[SourceDate "2004.05.04"]

1. e4 c5 2. Nf3 e6 3. d4 cxd4 4. Nxd4 Nf6 5. Nc3 d6 6. Be2 a6 7. O-O Nbd7 8. Be3 b5 9. f3 Bb7 10. a4 b4 11. Na2 d5 12. exd5 Nxd5 13. Bf2 Bd6 14. h3 Qg5 15. h4 Qe5 16. g3 Nf4 17. Kh2 Nxe2 18. Nxe2 Bxf3 19. Re1 Nf6 20. Bd4 Ng4+ 21. Kg1 Qd5 22. Qd2 Rd8 23. c3 O-O 24. Nf4 Qb7 25. Nh5 e5 0-1

[Event "Koszeg GM"]
[Site "Koszeg"]
[Date "1997.??.??"]
[Round "7"]
[White "Horvath, Adam"]
[Black "Stocek, Jiri"]
[Result "1-0"]
[WhiteElo "2275"]
[BlackElo "2450"]
[PlyCount "117"]
[EventDate "1997.??.??"]
[Source "www.chesslib.no"]
[SourceDate "2004.05.04"]

1. e4 c5 2. Nf3 d6 3. d4 cxd4 4. Nxd4 Nf6 5. Nc3 e6 6. Be2 a6 7. O-O Nbd7 8. f4 b5 9. Bf3 Bb7 10. a3 Rc8 11. Re1 e5 12. Nf5 Qc7 13. fxe5 dxe5 14. Bg5 h6 15. Bh4 g6 16. Ne3 h5 17. Kh1 Be7 18. Qd2 b4 19. axb4 Bxb4 20. Ned5 Bxd5 21. exd5 a5 22. d6 Qxd6 23. Qxd6 Bxd6 24. Rxa5 Ng4 25. Bb7 Rc4 26. Rd1 Rd4 27. Bc6 g5 28. Rxd4 exd4 29. Ra8+ Ke7 30. Nd5+ Ke6 31. Rxh8 Nde5 32. Bb7 gxh4 33. Rxh5 Nf2+ 34. Kg1 Nd1 35. Nf4+ Kd7 36. Nd3 Nxd3 37. cxd3 Nxb2 38. Be4 Be7 39. Kf1 Ke6 40. Ke2 Na4 41. Bd5+ Kf6 42. Kf3 Nc3 43. Bc4 Kg6 44. Rh8 Kg7 45. Re8 Kf6 46. Ra8 Nd1 47. Ra6+ Kg7 48. Ra7 Kf6 49. Rd7 Ne3 50. Rxd4 Nf5 51. Rd7 Nh6 52. d4 Bf8 53. Rd5 Kg6 54. Bd3+ Kg7 55. Rg5+ Kf6 56. Rh5 Kg7 57. Rxh4 f5 58. Rf4 Bd6 59. Bxf5 1-0

[Event "ch-ESP Abierto"]
[Site "Sevilla"]
[Date "2004.08.19"]
[Round "7"]
[White "Suarez Real, Alberto"]
[Black "Alcazar Jimenez, Victor Manuel"]
[Result "1/2-1/2"]
[WhiteElo "2308"]
[BlackElo "2412"]
[PlyCount "84"]
[EventDate "2004.08.13"]
[Source "Roberto Alvarez"]
[SourceDate "2004.08.30"]

1. e4 c5 2. Nf3 d6 3. d4 Nf6 4. Nc3 cxd4 5. Nxd4 e6 6. Be2 a6 7. O-O Nbd7 8. f4 b5 9. Bf3 Bb7 10. e5 Bxf3 11. Nxf3 dxe5 12. fxe5 Ng4 13. Qe2 b4 14. Ne4 Ndxe5 15. Neg5 Be7 16. Nxe5 Qd4+ 17. Kh1 Nxe5 18. Bf4 Ng6 19. Nxf7 O-O 20. Qxe6 Qf6 21. Ng5+ Kh8 22. Rae1 Rae8 23. Qxf6 Bxf6 24. Bc1 Rc8 25. Rf2 Bxg5 26. Rxf8+ Nxf8 27. Bxg5 Rxc2 28. Be7 Kg8 29. Bxb4 Rxb2 30. a3 Ng6 31. h3 Kf7 32. Re4 Rc2 33. Rd4 Rc6 34. Rd7+ Kf6 35. Rd3 Ne5 36. Bc3 Kf5 37. Bxe5 Kxe5 38. Rd7 Kf6 39. Kg1 h5 40. Kf2 g6 41. Rd5 Ke6 42. Rg5 Kf6 1/2-1/2

[Event "EU-chT (Women)"]
[Site "Pula"]
[Date "1997.??.??"]
[Round "5"]
[White "Erneste, Inguna"]
[Black "Peptan, Corina"]
[Result "0-1"]
[WhiteElo "2290"]
[BlackElo "2425"]
[PlyCount "124"]
[EventDate "1997.05.05"]
[Source "ChessBase"]

1. e4 c5 2. Nf3 d6 3. d4 cxd4 4. Nxd4 Nf6 5. Nc3 a6 6. Be2 e6 7. O-O Nbd7 8. f4 b5 9. Bf3 Bb7 10. a3 Qc7 11. Kh1 Be7 12. Qe1 O-O 13. Bd2 Rfd8 14. e5 dxe5 15. fxe5 Ne8 16. Bxb7 Qxb7 17. Nf3 Nf8 18. Ne4 Rac8 19. Bc3 Rd7 20. Qe3 Ng6 21. Rad1 Rcd8 22. Rxd7 Rxd7 23. Nfg5 Bxg5 24. Nxg5 Nc7 25. Qe2 Nd5 26. Bd2 h6 27. Nf3 Qc7 28. Bc1 Nb6 29. b3 Rd5 30. Bb2 Nd7 31. c4 bxc4 32. bxc4 Rc5 33. Rd1 Nb6 34. Bd4 Rc6 35. Bxb6 Rxb6 36. Qe4 Rc6 37. Rc1 a5 38. h3 Rc5 39. Qa8+ Kh7 40. Qe4 Qd7 41. h4 Kg8 42. h5 Ne7 43. g4 Qc6 44. Qe2 Nd5 45. Qe4 Ne7 46. Qe2 Nd5 47. Qe4 Nb6 48. Qxc6 Rxc6 49. c5 Nd7 50. Rd1 Nxc5 51. Rd8+ Kh7 52. Ra8 Ra6 53. Rc8 Nd3 54. Kh2 Ra7 55. Kg3 Rb7 56. Rc3 Rd7 57. Kh4 Rd5 58. Rc7 g5+ 59. hxg6+ Kxg6 60. Rc4 Nxe5 61. Nxe5+ Rxe5 62. a4 h5 0-1

[Event "CRO-chT"]
[Site "Medulin"]
[Date "2002.09.13"]
[Round "5"]
[White "Armanda, Ivica"]
[Black "Kutuzovic, Branko"]
[Result "0-1"]
[WhiteElo "2316"]
[BlackElo "2398"]
[PlyCount "66"]
[EventDate "2002.09.09"]
[Source "ChessBase"]
[SourceDate "2002.11.06"]

1. e4 c5 2. Nf3 d6 3. d4 cxd4 4. Nxd4 Nf6 5. Nc3 a6 6. Be2 e6 7. O-O Nbd7 8. a4 b6 9. Re1 Bb7 10. Bf1 Be7 11. Be3 Rc8 12. Nb3 O-O 13. Bf4 Qc7 14. Bd3 Ne5 15. Qe2 Ra8 16. Bg3 Rfc8 17. Nd2 Qd8 18. f4 Nxd3 19. cxd3 d5 20. e5 Ne8 21. Nf3 Qd7 22. f5 Bc5+ 23. d4 Bb4 24. fxe6 Qxe6 25. Ng5 Qg6 26. e6 f6 27. Nh3 Bxc3 28. bxc3 Rxc3 29. Nf4 Qf5 30. Rf1 Rc2 31. Qf3 Rac8 32. e7 R8c3 33. Qd1 Kf7 0-1